| 000 | 00615nam a2200205Ia 4500 | ||
|---|---|---|---|
| 003 | GCL | ||
| 008 | 140319s9999 xx 000 0 ara d | ||
| 040 |
_aGCL / _cGCL |
||
| 082 | 0 | 4 |
_a411.1 _bض ت |
| 100 | 1 | _aفوزى سالم عفيفى | |
| 245 | 1 | 0 |
_aالتراكيب الخطية / _cفوزى سالم عفيفى |
| 260 |
_a[S.N] : _bمكتب ممدوح ، _c1990 |
||
| 300 | _a140 ص | ||
| 490 |
_aفنون الكتابة الخطية _v0 |
||
| 650 | 0 | 4 | _aاللغة العربية |
| 650 | 0 | 4 | _aالخط العربى |
| 650 | 0 | 4 | _aالزخرفة |
| 650 | 0 | 4 | _aدراسة الخطوط |
| 942 |
_2ddc _cBK |
||
| 999 |
_c36177 _d36177 |
||